000 00344nam a2200133Ia 4500
008 240624s9999 xx 000 0 und d
041 _aeng
082 _a658.816 SMU
100 _aSMULLEN JOHN
245 _aTRANSFER PRICING FOR FINANCIAL INSTITUTI
260 _c2001
_aCambridge
_bWoodhead Publishing
300 _a160 : p.
365 _cBPS
_b25
999 _c20221
_d20221